Tottenham Hotspur 5+ Goals Quiz Stats

 Plays Quiz not verified by Sporcle

Score 0/26 Timer 10:00
0 Plays Today
Date/Score Opponent % Correct
5-1 (H), 19/08/2009Hull City
95%
5-3 (H), 01/01/2015Chelsea
95%
6-1 (A), 18/05/2017Leicester City
95%
7-1 (A), 21/05/2017Hull City
95%
5-4 (H), 13/05/2018Leicester City
95%
5-2 (H), 01/01/2005Everton
90%
5-1 (H), 01/05/2005Aston Villa
90%
5-1 (H), 26/12/2007Fulham
90%
9-1 (H), 22/11/2009Wigan Athletic
90%
6-2 (A), 23/12/2018Everton
90%
5-0 (H), 11/02/2012Newcastle United
85%
5-1 (H), 07/04/2014Sunderland
85%
5-1 (A), 25/10/2015Bournemouth
85%
Date/Score Opponent % Correct
5-0 (H), 03/12/2016Swansea City
85%
5-1 (H), 09/12/2017Stoke City
85%
5-0 (H), 26/12/2018Bournemouth
85%
5-1 (H), 09/12/2006Charlton Athletic
80%
5-1 (H), 09/04/1993Norwich City
75%
5-0 (H), 18/09/1993Oldham Athletic
75%
7-2 (H), 11/03/2000Southampton
75%
5-1 (H), 18/12/2004Southampton
75%
6-4 (H), 29/12/2007Reading
75%
5-2 (H), 26/12/2017Southampton
75%
5-0 (H), 26/09/2009Burnley
70%
6-2 (A), 02/05/1998Wimbledon
65%
5-2 (H), 06/12/2003Wolverhampton Wanderers
65%

You're not logged in!

Compare scores with friends on all Sporcle quizzes.
OR
Log In

Sporcle TV

Today on Sporcle TV


Watch our educational content, quiz creation guides, and fun videos on Sporcle TV.

Show Comments

Extras

Top Quizzes Today


Score Distribution

Your Account Isn't Verified!

In order to create a playlist on Sporcle, you need to verify the email address you used during registration. Go to your Sporcle Settings to finish the process.

Report this User

Report this user for behavior that violates our Community Guidelines.

Details: